000 00865nam a22002535i 4500
001 12395
003 ES-MaACL
005 20240603131951.0
007 t|
008 910704s1989 sp ||||0| spa j
020 _a84-87137-05-9
040 _aM-BN
_bspa
_cM-BN
080 _a860(729.1)-31"19"
100 1 _aTejera, Nivaria.
_9179303
245 1 3 _aEl barranco /
_cNivaria Tejera ; [edición de Claude Couffon].
260 _a[Santa Cruz de Tenerife] :
_bViceconsejería de Cultura y Deportes, Gobierno de Canarias,
_c1989.
300 _a160 p ;
_c21 cm.
490 1 _aBiblioteca básica canaria ;
_v52
700 0 _aCouffon, Claude,
_d1926-2013
_941229
710 1 _aCanarias.
_bViceconsejería de Cultura y Deportes.
_92427
830 0 _aBiblioteca básica canaria ;
_v52
_9177611
852 _aES-MaACL
_jL-19794
_bR.122317
999 _c12395
_d12395